000 00657nam a2200217Ia 4500
003 IN-BaIIA
008 211028s9999 xx 000 0 eng d
020 _a0-07-016218-2
040 _cIIA Library
080 _a624.2
_bTIM
245 0 _aTime-Saver standards for building types
_cedited by Joseph De Chiara and J. H. Callender
260 _aNew York
_bMcGraw-Hill
_c1973
300 _axiii, 1065p.
650 _a Architecture
_98725
650 _a Building materials 
_98726
650 _a Civil engineering 
_98727
650 _aNASA thesaurus 
700 _aCallender, J. H., ed.
_98728
700 _aDe Chiara, Joseph., ed.
_98729
942 _cBK
999 _c4879
_d4879